[Event "Muensterland Verbandsliga Gr2 2223"]
[Site "Germany"]
[Date "2022.10.22"]
[Round "2.5"]
[White "Albersmann, Rene"]
[Black "Beutelhoff, Josef"]
[Result "1/2-1/2"]
[WhiteElo "1596"]
[BlackElo "1908"]
[PlyCount "109"]
[EventDate "2022.09.10"]
[EventType "team-tourn"]
[EventRounds "5"]
[EventCountry "GER"]
[SourceTitle "EXT 2024"]
[Source "ChessBase"]
[SourceDate "2023.10.10"]
[SourceVersion "1"]
[SourceVersionDate "2023.10.10"]
[SourceQuality "1"]
[WhiteTeam "Suedlohn II"]
[BlackTeam "Olfen"]
[WhiteTeamCountry "GER"]
[BlackTeamCountry "GER"]

1. e4 e6 2. d4 d5 3. Nc3 Nf6 4. e5 Nfd7 5. Nf3 c5 6. Bb5 a6 7. Bxd7+ Bxd7 8. 0-0 cxd4 9. Nxd4 Nc6 10. Nf3 Be7 11. Ne2 0-0 12. c3 f6 13. exf6 Bxf6 14. Nf4 Qc7 15. Re1 Rae8 16. Nh5 Be7 17. Ng5 Bd6 18. Qd3 g6 19. Ng3 Bf4 20. Bxf4 Qxf4 21. Nf3 Rf7 22. Re2 Kg7 23. Rae1 b5 24. Qd2 Qxd2 25. Nxd2 b4 26. Rc1 bxc3 27. Rxc3 Nd4 28. Re1 Rc8 29. Rxc8 Bxc8 30. Rc1 Bb7 31. f3 Kf6 32. Kf2 e5 33. Ne2 Ne6 34. Nb3 Rc7 35. Rxc7 Nxc7 36. Nc5 Bc6 37. Nc3 Ke7 38. b4 Kd6 39. Ke2 a5 40. Nd3 e4 41. fxe4 dxe4 42. Nf2 axb4 43. Ncxe4+ Ke5 44. Ng5 Kd4 45. Nxh7 Bxg2 46. Kd2 Bd5 47. Nd3 Na6 48. Nf8 Bxa2 49. Nxg6 b3 50. Ngf4 Bb1 51. Ne2+ Kc4 52. Nb2+ Kb4 53. Nd4 Nc5 54. Nxb3 Nxb3+ 55. Ke3 1/2-1/2

[Event "Muensterland Regionalliga 1819"]
[Site "Germany"]
[Date "2019.01.12"]
[Round "5.4"]
[White "Paalman, Henk Jan"]
[Black "Beutelhoff, Josef"]
[Result "1/2-1/2"]
[WhiteElo "2144"]
[BlackElo "1971"]
[PlyCount "75"]
[EventDate "2018.09.08"]
[EventType "team-tourn"]
[EventRounds "9"]
[EventCountry "GER"]
[SourceTitle "EXT 2020"]
[Source "ChessBase"]
[SourceDate "2019.10.17"]
[SourceVersion "1"]
[SourceVersionDate "2019.10.17"]
[SourceQuality "1"]
[WhiteTeam "Emsdetten Rochade"]
[BlackTeam "Olfen"]
[WhiteTeamCountry "GER"]
[BlackTeamCountry "GER"]

1. d4 Nf6 2. Nf3 g6 3. c4 Bg7 4. Nc3 d6 5. e4 Nbd7 6. Bg5 c6 7. Be2 a6 8. a4 a5 9. h3 Qc7 10. Qc2 e5 11. d5 Nh5 12. g3 Nc5 13. Nd2 Nf6 14. 0-0-0 Na6 15. Kb1 Nb4 16. Qc1 Ng8 17. g4 f6 18. Be3 c5 19. Nb5 Qe7 20. Nf1 f5 21. Bxc5 dxc5 22. d6 Qd7 23. Nc7+ Kd8 24. Nxa8 Qxa4 25. Qc3 Qa2+ 26. Kc1 Bh6+ 27. Ne3 f4 28. Qa3 fxe3 29. Qxa2 Nxa2+ 30. Kb1 Nb4 31. g5 Bxg5 32. d7 Bxd7 33. Nb6 Nf6 34. Nxd7 Nxd7 35. Bg4 h5 36. Bxd7 exf2 37. Bf5+ Kc7 38. Rd7+ 1/2-1/2

[Event "Muensterland Regionalliga 1819"]
[Site "Germany"]
[Date "2018.09.08"]
[Round "1.3"]
[White "Ottens, Stephan"]
[Black "Beutelhoff, Josef"]
[Result "1-0"]
[WhiteElo "2064"]
[BlackElo "1971"]
[PlyCount "27"]
[EventDate "2018.09.08"]
[EventType "team-tourn"]
[EventRounds "9"]
[EventCountry "GER"]
[SourceTitle "EXT 2020"]
[Source "ChessBase"]
[SourceDate "2019.10.17"]
[SourceVersion "1"]
[SourceVersionDate "2019.10.17"]
[SourceQuality "1"]
[WhiteTeam "Rheine Klein Berlin"]
[BlackTeam "Olfen"]
[WhiteTeamCountry "GER"]
[BlackTeamCountry "GER"]

1. e4 d6 2. d4 e5 3. Nf3 exd4 4. Nxd4 Nf6 5. Nc3 Nc6 6. Nxc6 bxc6 7. Bc4 g6 8. 0-0 Bg7 9. e5 Ng4 10. e6 f5 11. h3 Nf6 12. Re1 Qe7 13. Qf3 Bb7 14. Ba6 1-0

[Event "Muensterland Verbandsliga 1718"]
[Site "Germany"]
[Date "2018.05.05"]
[Round "9.4"]
[White "Sicking, Norbert"]
[Black "Beutelhoff, Josef"]
[Result "1/2-1/2"]
[WhiteElo "1801"]
[BlackElo "1971"]
[PlyCount "61"]
[EventDate "2017.09.09"]
[EventType "team-tourn"]
[EventRounds "9"]
[EventCountry "GER"]
[SourceTitle "EXT 2019"]
[Source "ChessBase"]
[SourceDate "2018.10.10"]
[SourceVersion "1"]
[SourceVersionDate "2018.10.10"]
[SourceQuality "1"]
[WhiteTeam "Heiden"]
[BlackTeam "Olfen"]
[WhiteTeamCountry "GER"]
[BlackTeamCountry "GER"]

1. d4 Nf6 2. Nf3 e6 3. Nbd2 d5 4. e3 Nbd7 5. c4 c6 6. Be2 b6 7. 0-0 Be7 8. b3 0-0 9. Bb2 Bb7 10. a3 a5 11. Bc3 Qc7 12. Qc2 c5 13. a4 Bd6 14. h3 e5 15. dxe5 Nxe5 16. Bxe5 Bxe5 17. Nxe5 Qxe5 18. Bf3 Rad8 19. cxd5 Bxd5 20. Nc4 Qc7 21. Bxd5 Rxd5 22. e4 Rd4 23. f3 Nd7 24. Rad1 Ne5 25. Nxe5 Qxe5 26. Rd2 g6 27. Rfd1 Rfd8 28. Kf2 h5 29. Rxd4 cxd4 30. Rd3 h4 31. Qc4 1/2-1/2

[Event "Muensterland Verbandsliga 1718"]
[Site "Germany"]
[Date "2017.12.09"]
[Round "4.3"]
[White "Beutelhoff, Josef"]
[Black "Wetterau, Georg"]
[Result "1/2-1/2"]
[WhiteElo "1971"]
[BlackElo "1805"]
[PlyCount "38"]
[EventDate "2017.09.09"]
[EventType "team-tourn"]
[EventRounds "9"]
[EventCountry "GER"]
[SourceTitle "EXT 2019"]
[Source "ChessBase"]
[SourceDate "2018.10.10"]
[SourceVersion "1"]
[SourceVersionDate "2018.10.10"]
[SourceQuality "1"]
[WhiteTeam "Olfen"]
[BlackTeam "Nienberge II"]
[WhiteTeamCountry "GER"]
[BlackTeamCountry "GER"]

1. d4 Nf6 2. c4 g6 3. Nc3 Bg7 4. e4 d6 5. f3 0-0 6. Be3 Nc6 7. Nge2 a6 8. Qd2 Rb8 9. d5 Ne5 10. Ng3 c5 11. h3 b5 12. cxb5 axb5 13. Nxb5 Ba6 14. a4 Ne8 15. f4 Bxb5 16. axb5 Nd7 17. Bd3 Nc7 18. Ra5 e6 19. dxe6 Nxe6 1/2-1/2

[Event "Muensterland Verbandsliga 1718"]
[Site "Germany"]
[Date "2017.11.18"]
[Round "3.4"]
[White "Beutelhoff, Josef"]
[Black "Hemmers, Dieter"]
[Result "1-0"]
[WhiteElo "1971"]
[BlackElo "1805"]
[PlyCount "47"]
[EventDate "2017.09.09"]
[EventType "team-tourn"]
[EventRounds "9"]
[EventCountry "GER"]
[SourceTitle "EXT 2019"]
[Source "ChessBase"]
[SourceDate "2018.10.10"]
[SourceVersion "1"]
[SourceVersionDate "2018.10.10"]
[SourceQuality "1"]
[WhiteTeam "Olfen"]
[BlackTeam "Emsdetten Rochade II"]
[WhiteTeamCountry "GER"]
[BlackTeamCountry "GER"]

1. d4 f5 2. c4 Nf6 3. Nc3 g6 4. g3 Bg7 5. Bg2 d6 6. Nh3 0-0 7. d5 a5 8. Nf4 Na6 9. h4 Nc5 10. h5 Kf7 11. hxg6+ hxg6 12. Nh3 e5 13. dxe6+ Nxe6 14. Ng5+ Nxg5 15. Bxg5 Be6 16. Qd3 Rh8 17. 0-0-0 Rb8 18. Nd5 Qd7 19. Bxf6 Rxh1 20. Rxh1 Bxf6 21. Nxf6 Kxf6 22. Qd4+ Ke7 23. Rh7+ Bf7 24. Qh4+ 1-0

[Event "Muensterland Verbandsliga 1718"]
[Site "Germany"]
[Date "2017.10.07"]
[Round "2.4"]
[White "Rebber, Christian"]
[Black "Beutelhoff, Josef"]
[Result "1/2-1/2"]
[WhiteElo "1861"]
[BlackElo "1971"]
[PlyCount "72"]
[EventDate "2017.09.09"]
[EventType "team-tourn"]
[EventRounds "9"]
[EventCountry "GER"]
[SourceTitle "EXT 2019"]
[Source "ChessBase"]
[SourceDate "2018.10.10"]
[SourceVersion "1"]
[SourceVersionDate "2018.10.10"]
[SourceQuality "1"]
[WhiteTeam "Duelmen"]
[BlackTeam "Olfen"]
[WhiteTeamCountry "GER"]
[BlackTeamCountry "GER"]

1. b4 e6 2. Bb2 Nf6 3. b5 d5 4. e3 a6 5. a4 axb5 6. axb5 Rxa1 7. Bxa1 c5 8. Nf3 Nbd7 9. c4 Bd6 10. cxd5 exd5 11. Be2 0-0 12. 0-0 b6 13. Nc3 Qc7 14. g3 Bb7 15. d4 c4 16. Nd2 Bb4 17. Qb1 Ba5 18. Rc1 Re8 19. Bf3 g6 20. Bb2 Bb4 21. Qc2 Qd6 22. Nxc4 Qe7 23. Nd2 Ne4 24. Nf1 f5 25. Qb3 Ndf6 26. Na2 Bd6 27. Nc3 Kg7 28. Nxe4 fxe4 29. Bg2 Rf8 30. h3 h5 31. Ra1 Bc8 32. Ba3 Bd7 33. Bxd6 Qxd6 34. Qa3 Qxa3 35. Rxa3 Bxb5 36. Rb3 Bxf1 1/2-1/2

[Event "GER-chA Seniors 28th"]
[Site "Niederhausen"]
[Date "2016.08.21"]
[Round "9"]
[White "Beutelhoff, Josef"]
[Black "Kierzek, Matthias"]
[Result "1/2-1/2"]
[WhiteElo "2094"]
[BlackElo "2217"]
[PlyCount "88"]
[EventDate "2016.08.13"]
[EventType "swiss"]
[EventRounds "9"]
[EventCountry "GER"]
[SourceTitle "EXT 2019"]
[Source "ChessBase"]
[SourceDate "2018.10.10"]
[SourceVersion "1"]
[SourceVersionDate "2018.10.10"]
[SourceQuality "1"]

1. d4 d5 2. c4 c6 3. cxd5 cxd5 4. Nf3 Nf6 5. Nc3 Nc6 6. e3 Bf5 7. Bd3 Bxd3 8. Qxd3 e6 9. 0-0 Be7 10. a3 0-0 11. b4 Rc8 12. Bb2 Qc7 13. Rac1 Qb8 14. h3 Rfd8 15. Rfd1 h6 16. Qb1 Nd7 17. Ne2 b5 18. Nc3 a6 19. e4 dxe4 20. Nxe4 a5 21. d5 exd5 22. Rxd5 axb4 23. axb4 Nxb4 24. Rxc8 Qxc8 25. Rxb5 Qc4 26. Rb7 Nd3 27. Ned2 Qd5 28. Bd4 Nf4 29. Qb5 Qe6 30. Be3 Bd6 31. Nd4 Qg6 32. Bxf4 Bxf4 33. Rxd7 Rxd7 34. Qxd7 Bxd2 35. Qc8+ Kh7 36. Qf5 Bc3 37. Qxg6+ Kxg6 38. Nf3 Kf5 39. Kf1 Ke4 40. Ke2 f5 41. g3 g5 42. Nh2 Be5 43. f3+ Kd4 44. Nf1 Kd5 1/2-1/2

[Event "GER-chA Seniors 28th"]
[Site "Niederhausen"]
[Date "2016.08.17"]
[Round "5"]
[White "Beutelhoff, Josef"]
[Black "Haubt, Georg"]
[Result "0-1"]
[WhiteElo "2094"]
[BlackElo "2168"]
[PlyCount "176"]
[EventDate "2016.08.13"]
[EventType "swiss"]
[EventRounds "9"]
[EventCountry "GER"]
[SourceTitle "EXT 2019"]
[Source "ChessBase"]
[SourceDate "2018.10.10"]
[SourceVersion "1"]
[SourceVersionDate "2018.10.10"]
[SourceQuality "1"]

1. d4 d5 2. c4 Nc6 3. Nc3 Nf6 4. cxd5 Nxd5 5. e4 Nxc3 6. bxc3 e5 7. d5 Nb8 8. Nf3 Bd6 9. Be2 Nd7 10. 0-0 Nc5 11. Qc2 Bd7 12. Be3 0-0 13. Bxc5 Bxc5 14. Nxe5 Bc8 15. Nd3 Bb6 16. c4 Bd4 17. Rad1 Qe7 18. Nc1 Bc5 19. Nb3 Bb4 20. f4 g5 21. fxg5 Qxg5 22. c5 Bh3 23. Bf3 b6 24. Kh1 Bc8 25. Be2 Qe5 26. c6 Bd6 27. g3 Bh3 28. Rf4 Be7 29. Nd4 Qg7 30. Nf5 Bxf5 31. Rxf5 Bd6 32. Qd2 f6 33. Qd3 Rae8 34. Qf3 Re5 35. Rf4 Rg5 36. Rf5 Qe7 37. Rf1 Rg6 38. Rh5 Re8 39. Bd3 Be5 40. Qf5 Rg7 41. Qe6+ Qf7 42. Qxf7+ Kxf7 43. Rhf5 Ke7 44. Be2 Rb8 45. a4 Kd6 46. Rc1 Re7 47. Kg2 Rg8 48. g4 Bd4 49. Kf3 Rg5 50. Rc4 Rxf5+ 51. gxf5 Be5 52. Kg2 Rg7+ 53. Kh1 h5 54. Rc1 h4 55. Rg1 Rxg1+ 56. Kxg1 Kc5 57. h3 Kd4 58. Bf3 Ke3 59. Bg2 a6 60. Bf1 Kxe4 61. Bxa6 Kxd5 62. Bb5 Ke4 63. Kg2 Bg3 64. Bc4 Kxf5 65. Kf3 Ke5 66. Bd3 Kd5 67. Bb5 Kd4 68. Kg4 Ke4 69. Be2 f5+ 70. Kg5 Be1 71. Bd1 Ke5 72. Bc2 Kd6 73. Kxf5 Kxc6 74. Ke4 Kc5 75. Bd1 Kb4 76. Kd5 c5 77. Kc6 Ka5 78. Be2 Bf2 79. Bb5 Kb4 80. Kxb6 c4+ 81. Kc6 c3 82. Bd3 Kb3 83. a5 c2 84. Bxc2+ Kxc2 85. Kd5 Kd3 86. a6 Ba7 87. Ke5 Ke3 88. Kf5 Kf3 0-1

[Event "GER-chA Seniors 28th"]
[Site "Niederhausen"]
[Date "2016.08.13"]
[Round "1"]
[White "Beutelhoff, Josef"]
[Black "Hellwege, Werner"]
[Result "1-0"]
[WhiteElo "2094"]
[BlackElo "1873"]
[PlyCount "106"]
[EventDate "2016.08.13"]
[EventType "swiss"]
[EventRounds "9"]
[EventCountry "GER"]
[SourceTitle "EXT 2019"]
[Source "ChessBase"]
[SourceDate "2018.10.10"]
[SourceVersion "1"]
[SourceVersionDate "2018.10.10"]
[SourceQuality "1"]

1. d4 d5 2. c4 e6 3. Nc3 Be7 4. Nf3 Nf6 5. cxd5 exd5 6. Bf4 c6 7. Qc2 0-0 8. e3 Nbd7 9. Bd3 Re8 10. 0-0 Nf8 11. h3 h6 12. Ne5 Be6 13. Rab1 a5 14. a3 N6d7 15. Bh2 Nxe5 16. Bxe5 Bd6 17. f4 f6 18. Bxd6 Qxd6 19. Na4 Bf7 20. Nb6 Rad8 21. Rfe1 Qc7 22. Na4 Re7 23. b4 Rde8 24. Qd2 axb4 25. axb4 Ra8 26. Ra1 Bg6 27. Bxg6 Nxg6 28. Qd3 Nf8 29. Nc5 Ree8 30. Qc3 Qb6 31. Kf2 Qb5 32. Ra5 Rxa5 33. bxa5 Ra8 34. Re2 Qxa5 35. Qxa5 Rxa5 36. Nxb7 Rb5 37. Nc5 Ng6 38. Ra2 Ne7 39. Ra7 Rb2+ 40. Kf3 Nf5 41. g3 h5 42. Ra3 g5 43. fxg5 fxg5 44. Ne6 g4+ 45. hxg4 hxg4+ 46. Kxg4 Rf2 47. Nf4 Nh6+ 48. Kg5 Rh2 49. Kg6 Kf8 50. Rc3 Nf7 51. Kf6 Rh6+ 52. Ng6+ Ke8 53. Rxc6 Nd8 1-0

[Event "Muensterland Verbandsliga 1516"]
[Site "Germany"]
[Date "2016.05.21"]
[Round "9.2"]
[White "Naumann, Felix"]
[Black "Beutelhoff, Josef"]
[Result "0-1"]
[WhiteElo "1805"]
[BlackElo "2001"]
[PlyCount "50"]
[EventDate "2015.09.12"]
[EventType "team"]
[EventRounds "9"]
[EventCountry "GER"]
[SourceTitle "EXT 2017"]
[Source "ChessBase"]
[SourceDate "2016.10.25"]
[SourceVersion "1"]
[SourceVersionDate "2016.10.25"]
[SourceQuality "1"]
[WhiteTeam "Bocholt"]
[BlackTeam "Olfen"]
[WhiteTeamCountry "GER"]
[BlackTeamCountry "GER"]

1. d4 Nf6 2. Nf3 g6 3. Bf4 Bg7 4. e3 d6 5. Nbd2 Nbd7 6. Be2 Nh5 7. Bg3 c6 8. c3 Nxg3 9. hxg3 d5 10. Rc1 f5 11. c4 e6 12. b4 0-0 13. 0-0 g5 14. Nb3 g4 15. Nfd2 Nf6 16. b5 cxb5 17. cxd5 a6 18. dxe6 Bxe6 19. Bd3 b6 20. Rc2 Nd5 21. Qb1 Qd7 22. Rfc1 Rac8 23. e4 Rxc2 24. Bxc2 Nc3 25. Qa1 Ne2+ 0-1

[Event "Hessen-ch Seniors op 12th"]
[Site "Bad Sooden-Allendorf"]
[Date "2016.05.08"]
[Round "8"]
[White "Beutelhoff, Josef"]
[Black "Schwertel, Johann"]
[Result "1/2-1/2"]
[WhiteElo "2108"]
[BlackElo "1981"]
[PlyCount "52"]
[EventDate "2016.04.30"]
[EventType "swiss"]
[EventRounds "9"]
[EventCountry "GER"]
[SourceTitle "EXT 2019"]
[Source "ChessBase"]
[SourceDate "2018.10.10"]
[SourceVersion "1"]
[SourceVersionDate "2018.10.10"]
[SourceQuality "1"]

1. d4 d5 2. c4 c6 3. e3 Nf6 4. Nc3 e6 5. Nf3 Nbd7 6. Qc2 Be7 7. Bd2 Nb6 8. b3 Nbd7 9. Be2 b6 10. 0-0 Bb7 11. cxd5 exd5 12. Ne5 0-0 13. f4 c5 14. Bf3 cxd4 15. exd4 Rc8 16. Qb2 Ne4 17. Nxe4 dxe4 18. Bg4 f5 19. Nxd7 Qxd7 20. Be2 Bd5 21. Rac1 Rxc1 22. Rxc1 Rc8 23. Rxc8+ Qxc8 24. Qc3 Qxc3 25. Bxc3 g6 26. g3 Kf7 1/2-1/2

[Event "Hessen-ch Seniors op 12th"]
[Site "Bad Sooden-Allendorf"]
[Date "2016.05.05"]
[Round "6"]
[White "Gebuhr, Guenter"]
[Black "Beutelhoff, Josef"]
[Result "1/2-1/2"]
[WhiteElo "1932"]
[BlackElo "2108"]
[PlyCount "74"]
[EventDate "2016.04.30"]
[EventType "swiss"]
[EventRounds "9"]
[EventCountry "GER"]
[SourceTitle "EXT 2019"]
[Source "ChessBase"]
[SourceDate "2018.10.10"]
[SourceVersion "1"]
[SourceVersionDate "2018.10.10"]
[SourceQuality "1"]

1. e4 c5 2. Nf3 d6 3. d4 cxd4 4. Nxd4 Nf6 5. Nc3 a6 6. Bg5 e6 7. f4 Qc7 8. Qf3 Nbd7 9. 0-0-0 Rb8 10. Bd3 b5 11. a3 b4 12. axb4 Rxb4 13. Nb3 Bb7 14. Rhe1 Be7 15. Qe2 e5 16. Bxf6 Nxf6 17. Bxa6 Bxa6 18. Qxa6 0-0 19. Qa5 Qb7 20. Nd5 Nxd5 21. Qxd5 Qxd5 22. Rxd5 Rc8 23. Kb1 exf4 24. e5 dxe5 25. Rdxe5 Bf8 26. Re8 Rxe8 27. Rxe8 f6 28. Nd2 Rd4 29. Kc1 g5 30. c3 Ra4 31. b4 Kf7 32. Re2 Bxb4 33. cxb4 Rxb4 34. Kd1 h5 35. Ke1 Kg6 36. Kf2 Kf5 37. h3 Ra4 1/2-1/2

[Event "Muensterland Verbandsliga 1516"]
[Site "Germany"]
[Date "2016.03.05"]
[Round "7.3"]
[White "Stumpe, Danny"]
[Black "Beutelhoff, Josef"]
[Result "0-1"]
[WhiteElo "1708"]
[BlackElo "2001"]
[PlyCount "88"]
[EventDate "2015.09.12"]
[EventType "team"]
[EventRounds "9"]
[EventCountry "GER"]
[SourceTitle "EXT 2017"]
[Source "ChessBase"]
[SourceDate "2016.10.25"]
[SourceVersion "1"]
[SourceVersionDate "2016.10.25"]
[SourceQuality "1"]
[WhiteTeam "Muenster SK V"]
[BlackTeam "Olfen"]
[WhiteTeamCountry "GER"]
[BlackTeamCountry "GER"]

1. e4 c5 2. c3 e6 3. d4 d5 4. exd5 exd5 5. Nf3 Nc6 6. Be2 Nf6 7. 0-0 Be7 8. Nbd2 cxd4 9. Nxd4 Nxd4 10. cxd4 0-0 11. Nf3 Bf5 12. Qb3 Qc8 13. Bg5 Bc2 14. Qe3 Qe6 15. Ne5 Ne8 16. Bg4 f5 17. Bd1 Bxd1 18. Rfxd1 Bxg5 19. Qxg5 Nd6 20. Rac1 Rac8 21. Rxc8 Rxc8 22. Rc1 h6 23. Qe3 Rxc1+ 24. Qxc1 Qc8 25. Qc5 Qxc5 26. dxc5 Nc4 27. Nd3 Kf7 28. Kf1 Ke6 29. b3 Na3 30. Ke2 d4 31. h4 g5 32. hxg5 hxg5 33. Kf3 Kd5 34. g3 a5 35. Ke2 Nc2 36. Nb2 Kxc5 37. Nc4 a4 38. Nd2 a3 39. Nc4 b5 40. Ne5 Nb4 41. Kd2 Nxa2 42. Nd3+ Kd5 43. f3 Nc3 44. Kc2 Kd6 0-1

[Event "Muensterland Verbandsliga 1516"]
[Site "Germany"]
[Date "2016.02.13"]
[Round "6.2"]
[White "Rosing, Hermann"]
[Black "Beutelhoff, Josef"]
[Result "1/2-1/2"]
[WhiteElo "1948"]
[BlackElo "2001"]
[PlyCount "34"]
[EventDate "2015.09.12"]
[EventType "team"]
[EventRounds "9"]
[EventCountry "GER"]
[SourceTitle "EXT 2017"]
[Source "ChessBase"]
[SourceDate "2016.10.25"]
[SourceVersion "1"]
[SourceVersionDate "2016.10.25"]
[SourceQuality "1"]
[WhiteTeam "Ahaus Wessum"]
[BlackTeam "Olfen"]
[WhiteTeamCountry "GER"]
[BlackTeamCountry "GER"]

1. f4 Nf6 2. Nf3 c5 3. g3 g6 4. Bg2 Bg7 5. d3 d5 6. 0-0 Nc6 7. c3 0-0 8. Na3 Rb8 9. Qe1 b5 10. Ne5 Nxe5 11. fxe5 Nd7 12. Bxd5 Nxe5 13. Bg2 Bb7 14. Nc2 Bxg2 15. Kxg2 Nd7 16. Be3 e5 17. Qf2 Rc8 1/2-1/2

[Event "Muensterland Verbandsliga 1516"]
[Site "Germany"]
[Date "2016.01.16"]
[Round "5.3"]
[White "Beckmann, David"]
[Black "Beutelhoff, Josef"]
[Result "1-0"]
[WhiteElo "1989"]
[BlackElo "2001"]
[PlyCount "61"]
[EventDate "2015.09.12"]
[EventType "team"]
[EventRounds "9"]
[EventCountry "GER"]
[SourceTitle "EXT 2017"]
[Source "ChessBase"]
[SourceDate "2016.10.25"]
[SourceVersion "1"]
[SourceVersionDate "2016.10.25"]
[SourceQuality "1"]
[WhiteTeam "Borken"]
[BlackTeam "Olfen"]
[WhiteTeamCountry "GER"]
[BlackTeamCountry "GER"]

1. Nf3 Nf6 2. g3 d6 3. d4 g6 4. Bg2 Bg7 5. 0-0 0-0 6. c4 Nbd7 7. Nc3 e5 8. e4 a5 9. h3 c6 10. Be3 Qe7 11. dxe5 dxe5 12. Qc2 Nh5 13. Na4 f5 14. exf5 gxf5 15. Bg5 Qe6 16. Rfe1 e4 17. Bd2 Qf7 18. Ng5 Qg6 19. c5 Be5 20. Qb3+ Kh8 21. g4 fxg4 22. hxg4 Nhf6 23. Nxe4 Nxg4 24. Bc3 Rg8 25. Ng3 h5 26. Rxe5 Ndxe5 27. Re1 Be6 28. Qxb7 Qf6 29. f3 Raf8 30. fxg4 Rg7 31. Qxg7+ 1-0

[Event "Muensterland Verbandsliga 1516"]
[Site "Germany"]
[Date "2015.12.12"]
[Round "4.3"]
[White "Beutelhoff, Josef"]
[Black "Wolffgang, Georg"]
[Result "0-1"]
[WhiteElo "2001"]
[BlackElo "1890"]
[PlyCount "116"]
[EventDate "2015.09.12"]
[EventType "team"]
[EventRounds "9"]
[EventCountry "GER"]
[SourceTitle "EXT 2017"]
[Source "ChessBase"]
[SourceDate "2016.10.25"]
[SourceVersion "1"]
[SourceVersionDate "2016.10.25"]
[SourceQuality "1"]
[WhiteTeam "Olfen"]
[BlackTeam "Muenster SK IV"]
[WhiteTeamCountry "GER"]
[BlackTeamCountry "GER"]

1. d4 f5 2. c4 Nf6 3. g3 g6 4. Bg2 Bg7 5. Nc3 d6 6. d5 0-0 7. Nh3 e5 8. dxe6 c6 9. Bf4 Bxe6 10. Bxd6 Re8 11. c5 Qa5 12. 0-0 Na6 13. a3 Nd7 14. b4 Nxb4 15. axb4 Qxb4 16. Rb1 Qxc3 17. Rxb7 Nxc5 18. Rc7 Ne4 19. Bf4 Bd5 20. Be3 a5 21. Nf4 Qe5 22. Rb7 Nc3 23. Qc2 Bxg2 24. Kxg2 Re7 25. Bd4 Qxd4 26. Rxe7 a4 27. e3 Qb4 28. Re6 c5 29. Qd3 a3 30. Kh3 Qb5 31. Qxb5 Nxb5 32. Rb6 Nc7 33. Rb7 Na6 34. Rxg7+ Kxg7 35. Ra1 Nb4 36. Ne6+ Kf6 37. Nxc5 a2 38. Nb3 Nc2 39. Rc1 Nb4 40. Kg2 Ra3 41. Na1 Rd3 42. Rc4 Nd5 43. Rd4 Rxd4 44. exd4 Ke6 45. Kf3 g5 46. Ke2 g4 47. f4 h5 48. Kd3 h4 49. gxh4 Nxf4+ 50. Kd2 Kd5 51. Nc2 Ke4 52. Kc3 Ne2+ 53. Kb2 Nxd4 54. Ne1 Nf3 55. Ng2 Nxh2 56. h5 Nf3 57. Kxa2 Ng5 58. Kb3 f4 0-1

[Event "Muensterland Verbandsliga 1516"]
[Site "Germany"]
[Date "2015.11.21"]
[Round "3.3"]
[White "Ehrlich, Hans Georg"]
[Black "Beutelhoff, Josef"]
[Result "1/2-1/2"]
[WhiteElo "1804"]
[BlackElo "2001"]
[PlyCount "65"]
[EventDate "2015.09.12"]
[EventType "team"]
[EventRounds "9"]
[EventCountry "GER"]
[SourceTitle "EXT 2017"]
[Source "ChessBase"]
[SourceDate "2016.10.25"]
[SourceVersion "1"]
[SourceVersionDate "2016.10.25"]
[SourceQuality "1"]
[WhiteTeam "Heiden"]
[BlackTeam "Olfen"]
[WhiteTeamCountry "GER"]
[BlackTeamCountry "GER"]

1. b4 c6 2. c4 Nf6 3. Bb2 e6 4. a3 a5 5. b5 cxb5 6. cxb5 b6 7. e3 Bb7 8. Nf3 d6 9. Be2 Nbd7 10. 0-0 Be7 11. d4 0-0 12. Nbd2 d5 13. Qa4 Rc8 14. Rac1 Rxc1 15. Rxc1 Qb8 16. Ne5 Nxe5 17. dxe5 Nd7 18. Nf3 Rc8 19. Rxc8+ Qxc8 20. Qd1 Qc7 21. Bd3 g6 22. Be2 Bf8 23. Qc1 Qb8 24. Bd4 Nc5 25. Qc2 Qc8 26. Nd2 Nd7 27. Qb2 Be7 28. Nb1 Qf8 29. Qc3 Nc5 30. Qc2 Qc8 31. h3 Nd7 32. Qb2 Nc5 33. Qc2 1/2-1/2

[Event "Munsterland op 33rd"]
[Site "Senden"]
[Date "2015.10.16"]
[Round "8"]
[White "Beutelhoff, Josef"]
[Black "Gebhardt, Ulrich"]
[Result "1-0"]
[WhiteElo "2121"]
[BlackElo "2170"]
[PlyCount "113"]
[EventDate "2015.10.10"]
[EventType "swiss"]
[EventRounds "9"]
[EventCountry "GER"]
[SourceTitle "CBM 168 Extra"]
[Source "ChessBase"]
[SourceDate "2015.10.29"]
[SourceVersion "1"]
[SourceVersionDate "2015.10.29"]
[SourceQuality "1"]

1. d4 Nf6 2. c4 e6 3. Nf3 d5 4. Nc3 Nbd7 5. cxd5 exd5 6. Bf4 c6 7. e3 Be7 8. h3 0-0 9. Bd3 Re8 10. Qc2 Nf8 11. 0-0 Ng6 12. Bh2 Bd6 13. Rab1 Bxh2+ 14. Kxh2 a5 15. a3 Qe7 16. Na4 Ne4 17. Bxe4 dxe4 18. Nd2 f5 19. g3 Be6 20. Qc5 Qf7 21. Nb6 Ra6 22. b3 Qc7 23. Ndc4 Nh4 24. d5 Nf3+ 25. Kg2 Bf7 26. Rfd1 Ne5 27. d6 Qd8 28. Nxe5 Qxb6 29. b4 axb4 30. axb4 Qxc5 31. bxc5 Ra7 32. Nd7 Bc4 33. Nb6 Bd3 34. Ra1 Rxa1 35. Rxa1 Ba6 36. d7 Rd8 37. Ra4 Kf7 38. g4 fxg4 39. hxg4 Bd3 40. Kg3 Ke7 41. Rd4 Bc2 42. Nc8+ Ke6 43. Nb6 Ke7 44. Rc4 Bd3 45. Rd4 Bc2 46. Kf4 Rf8+ 47. Ke5 g6 48. Rd6 Kd8 49. Rd2 Bd3 50. Ra2 Kc7 51. Ke6 Ba6 52. Ke7 Rd8 53. g5 h6 54. gxh6 Rh8 55. Ra4 Rh7+ 56. Kf6 Rxh6 57. Rxe4 1-0

[Event "Munsterland op 33rd"]
[Site "Senden"]
[Date "2015.10.14"]
[Round "7"]
[White "Ackermann, Hans Werner"]
[Black "Beutelhoff, Josef"]
[Result "0-1"]
[WhiteElo "2331"]
[BlackElo "2121"]
[PlyCount "66"]
[EventDate "2015.10.10"]
[EventType "swiss"]
[EventRounds "9"]
[EventCountry "GER"]
[SourceTitle "CBM 168 Extra"]
[Source "ChessBase"]
[SourceDate "2015.10.29"]
[SourceVersion "1"]
[SourceVersionDate "2015.10.29"]
[SourceQuality "1"]

1. Nf3 d6 2. d4 Nf6 3. c4 g6 4. Nc3 Bg7 5. e4 0-0 6. Be2 Nbd7 7. 0-0 e5 8. d5 Nc5 9. Qc2 a5 10. b3 Nh5 11. Be3 f5 12. exf5 gxf5 13. Rad1 b6 14. Bg5 Bf6 15. Bh6 Bg7 16. Bg5 Bf6 17. Bh6 Bg7 18. Qc1 Bxh6 19. Qxh6 Nf4 20. g3 Rf6 21. Qh4 Ne4 22. gxf4 Nxc3 23. Kh1 Nxd1 24. Bxd1 Qe7 25. Rg1+ Kh8 26. fxe5 dxe5 27. Qg5 Bb7 28. Nxe5 f4 29. Ng6+ hxg6 30. Qh4+ Kg7 31. Rxg6+ Kxg6 32. Bc2+ Kf7 33. Qh5+ Kg8 0-1